LEADER 01596nam a2200289 u 4500 001 000000008004 003 CaOOAMICUS 005 20070226105039.0 008 940610s1874 it u000 u ita u 035 $a10207168 040 $aPUL$bita 100 1 $aZigliara, Tommaso Maria,$ccard.,$d1833-1893.$0(OLS)http://pul/name/7973 245 10$aDella luce intellettuale e dell'ontologismo secondo la dottrina de' santi Agostino, Bonaventura e Tommaso di Aquino /$ctrattato del P. Tommaso Maria Zigliara. 260 $aRoma :$bF. Chiapperini,$c1874. 300 $a2 v. ;$c24 cm 600 04$aAugustinus,$cs., vesc. d'Ippona,$d354-430$xFilosofia.$0(OLS)http://pul/subject/4423 600 04$aBonaventura,$cs., card.,$dc. 1217-1274.$0(OLS)http://pul/subject/517 600 04$aThomas Aquinas,$cs.,$dc. 1225-1274.$0(OLS)http://pul/subject/448 650 4$aTeoria della conoscenza.$0(OLS)http://pul/subject/449 650 4$aOntologismo.$0(OLS)http://pul/subject/6965 850 $aPUL 852 $aPUL$W1$xDP1 Antico 800$y27$m96 E 28-29$j11344$nBK-PRI$b $qStampati Antico$B11344$CPULBib$Z2$F11344 $H $81 852 $aPUL$W1$xDP1 Antico 800$y27$m96 E 28-29$j11344$nBK-PRI$b $qStampati Antico$B11345$CPULBib$Z2$F11345 $H $81 941 1 $a15 960 $aTommaso d'Aquino,$cs.,$d1225-1274$9448 996 $6245$aDella luce intellettuale e dell'ontologismo secondo la dottrina de' santi Agostino, Bonaventura e Tommaso di Aquino$9(OLS)http://pul/title/11645 996 $6260$aRoma :$bF. Chiapperini$9(OLS)http://pul/publisher/51926 LEADER 01097nam a2200265 a 4500 001 000000164752 003 CaOOAMICUS 005 20171201105510.0 008 171201s1945 it m u001 u lat r 032 $aLibriCat 040 $aPUL$bita 100 1 $aLy Shan-Siou, Paolo,$csac.$0(OLS)http://pul/name/105994 245 10$aDe scholis catholicis in jure sinensi /$csac. Paulus Ly Shan-Siou. 260 $aRomae :$bArnodo,$c1945. 300 $a44 p. ;$c24 cm. 502 $aEstratto da tesi. Pontificium Athenaeum Urbanianum. 1945. 504 $aBibliografia in nota a pič pagina. 651 4$aCina$xStoria culturale.$0(OLS)http://pul/subject/24298 710 2 $aPontificium Athenaeum Urbanianum.$kTesi.$0(OLS)http://pul/name/105989 850 $aPUL 852 $aPUL$W1$xDP1 Tesi Pon. Univ. Urbaniana$y49$mTH URB 22$j188925$qTesi$B192066$CPULBib$Z2$F192066 $H12138 $82 941 1 $a16 996 $6245$aDe scholis catholicis in jure sinensi$9(OLS)http://pul/title/204437 996 $6260$aRomae :$bArnodo$9(OLS)http://pul/publisher/58281